| 000 | 00627nam a22002297a 4500 | ||
|---|---|---|---|
| 001 | 00260 | ||
| 003 | DO-SdBNP | ||
| 005 | 20231103111009.0 | ||
| 008 | 151125b1999 nyu | 00| 0 eng d | ||
| 020 | _a0385319606 | ||
| 040 |
_aBPMSU _bspa _cBPMSU |
||
| 041 | _aeng | ||
| 082 | 4 |
_a813.5 _bS813i 1987 _222 |
|
| 100 | 1 |
_a Steel, Danielle, _d1947-. |
|
| 245 | 1 | 0 |
_aIrresistible forces/ _cDanielle Steel _b |
| 260 |
_aNew York, N.Y. : _bDelacorte Press, _c1999 |
||
| 300 |
_a372 p. ; _c23 cm. |
||
| 590 | _aInventariado,2023/VM | ||
| 650 | 4 | _aNovela estadounidense | |
| 910 | _aVMateo V. Control de calidad. BPMSU | ||
| 942 |
_2ddc _cBK |
||
| 999 |
_c14484 _d14484 |
||